000
00316nam a2200121 a 4500
005
20140414131901.0
008
100916s19uu xx 00 eng d
050
_a
FIC
_b
B52 2000
100
_a
Krensky, Stephen
245
_a
Binky rules.
260
_a
New York :
_b
Little, Brown and Company,
_c
2000.
999
_c
110641
_d
110641